000 00444nam a2200205Ia 4500
003 0100
008 130303s9999 xx 000 0 und d
020 _a0416299008
040 _cARRUPELIB
050 _aBJ1012.W37 1971
100 _aWarnock, G.J
245 4 _aThe Object of morality
260 _aLondon
260 _bMethuen & Co.
260 _C1971
300 _ax
300 _b168p. 21cm.
650 _aETHICS
942 0 0 _02
999 _c32865
_d32865